Trenerzy piłki nożnej na literę O - Statystyki

Ogólne statystyki
  • Ten quiz został rozwiązany 10 razy
  • Średni wynik to 4 z 7
Statystyki odpowiedzi
Prowadzone zespoły Odpowiedź % Poprawnych
Legia Warszawa 2001-2003 Dragomir Okuka
89%
Norwegia 1990-1998 2009-2013 Egil Olsen
89%
Broendby 1990-1992 FC Koln 1993-1995 Ajax Amsterdam 1997-1998 Dania 2000-2015 Morten Olsen
89%
Leeds 1998-2002 Aston Villa 2003-2006 David O'Leary
44%
Leicester 1995-2000 Celtic Glasgow 2000-2005 Aston Villa 2006-2010 Irlandia 2013-2018 Martin O'Neill
33%
Jugosławia 1986-1992 Panathinaikos Ateny 1992-1994 Sturm Graz 1994-2002 Ivica Osim
22%
Portugalia 1994-1996 2000-2002 FC Porto 1996-1998 Antonio Oliveira
11%
Nie znaleziono quizów pasujących do podanych kryteriów
Rozkład punktacji
Procent ludzi z każdym wynikiem
Percentyl według liczby udzielonych odpowiedzi
Twoja historia wyników
Nie rozwiązałeś tego quizu